[Event "Landsturneringen 2013"]
[Site "Lillehammer, Oppland NOR"]
[Date "2013.06.29"]
[Round "1"]
[White "Lunde, Sigmund"]
[Black "Høva, Frode"]
[Result "1-0"]
[WhiteElo "1705"]
[BlackElo "1571"]
[PlyCount "107"]
[EventDate "2013.06.29"]

1. e4 c5 2. Nf3 d6 3. Bc4 Nf6 4. d3 e6 5. Bg5 Be7 6. Nc3 Nc6 7. Qd2 a6 8. a4
O-O 9. O-O b6 10. Rad1 Bb7 11. Rfe1 Qc7 12. Qf4 Rac8 13. Qh4 Nd4 14. Nxd4 cxd4
15. Ne2 Qc5 16. b4 Qxb4 17. Nxd4 Qc5 18. Be3 Nd5 19. Qg4 Nxe3 20. fxe3 Bf6 21.
Nf3 b5 22. axb5 axb5 23. Bb3 Ra8 24. d4 Qb4 25. Rf1 Qc3 26. Rd3 Qb2 27. Rdd1 b4
28. Nd2 Qc3 29. Rxf6 Qxe3+ 30. Rf2 Qxd4 31. h4 Kh8 32. Nf1 Qc5 33. Qg5 f5 34.
Qe3 Bxe4 35. Qxc5 dxc5 36. Bxe6 Rf6 37. Bc4 Rh6 38. Ne3 Rxh4 39. Bd5 Bxd5 40.
Rxd5 f4 41. Nf5 Rg4 42. Rxc5 g6 43. Nd4 Rd8 44. Nf3 h5 45. Rb5 h4 46. Kh2 Kg7
47. Rxb4 g5 48. Rb6 Rg3 49. Re2 g4 50. Ng5 f3 51. Re7+ Kf8 52. Rf7+ Kg8 53.
Rg6+ Kh8 54. Rh7# 1-0

[Event "Landsturneringen 2013"]
[Site "Lillehammer, Oppland NOR"]
[Date "2013.06.29"]
[Round "1"]
[White "Moberg, Jan Rune"]
[Black "Berstad, Jørund"]
[Result "1/2-1/2"]
[WhiteElo "1538"]
[BlackElo "1668"]
[PlyCount "73"]
[EventDate "2013.06.29"]

1. d4 Nf6 2. c4 g6 3. Nc3 Bg7 4. e4 d6 5. Nge2 O-O 6. Ng3 e5 7. d5 a5 8. Be2
Na6 9. Be3 Ne8 10. O-O f5 11. exf5 gxf5 12. f4 e4 13. Nh5 Bh8 14. Bd4 Nf6 15.
Ng3 c5 16. dxc6 bxc6 17. c5 d5 18. Rc1 Nd7 19. Na4 Bxd4+ 20. Qxd4 Qf6 21. Rfd1
Nc7 22. Qf2 Qh4 23. Nb6 Rb8 24. Nxe4 Qxf2+ 25. Nxf2 Nxb6 26. cxb6 Rxb6 27. Nd3
Ne6 28. g3 Ba6 29. b3 Rc8 30. Bh5 Bxd3 31. Rxd3 Ng7 32. Bf3 Rd8 33. Re1 Re8 34.
Rde3 Rxe3 35. Rxe3 Kf7 36. Kf2 Kf6 37. Be2 1/2-1/2

[Event "Landsturneringen 2013"]
[Site "Lillehammer, Oppland NOR"]
[Date "2013.06.29"]
[Round "1"]
[White "Garmark, Vegard"]
[Black "Nyland, Ingeborg Marie"]
[Result "1-0"]
[WhiteElo "1182"]
[BlackElo "1012"]
[Annotator "Lea, Per"]
[PlyCount "53"]
[EventDate "2013.06.29"]

1. d4 d5 2. c4 dxc4 3. Nc3 {
Her anbefaler de fleste å flytte ut den andre springeren først} h6 $2 {
Et meningsløst trekk!} ({Siden hvits 3. trekk var en unøyaktighet, burde svart
spilt langt mer aktivt med} 3... e5 4. e3 (4. dxe5 Qxd1+ 5. Nxd1 Bb4+ 6. Nc3
Nc6 7. Nf3 Nge7 8. Bd2 Bg4) 4... Nf6 5. dxe5 Qxd1+ 6. Nxd1 Bb4+ 7. Nc3 Ne4 8.
Bxc4 Nc6) 4. e4 $1 Nf6 ({Bedre:} 4... e5 5. Nf3 exd4 6. Nxd4 Bc5) 5. Bxc4 e6 6.
Nge2 c5 {Endelig har svart skjønt det: aktivitet!} 7. d5 ({
Å fortsette utviklingen med} 7. Be3) ({eller} 7. O-O {er å foretrekke}) 7... e5
{Sikrer kontroll over d4 til evig tid, men det er vel ytterst tvilsomt om hun
noen gang vil få plassert en offiser der} 8. O-O Be7 9. f4 ({Selv om det
strider mot regelen: "ikke flytt samme brikke 2 ganger i åpningen", ville et
bedre trekk her være:} 9. Bb5+ Kf8 (9... Bd7 10. d6 Bf8) (9... Nbd7 10. d6 Bf8
11. f4 {med utmerket spill for hvit})) 9... exf4 10. Bxf4 Nfd7 {
Svart står sannsynligvis til tap etter sin store passivitet} 11. e5 $2 (11. d6
Bf6 12. e5 Nxe5 13. Bxe5 Bxe5 14. Bxf7+ Kd7 {
- og svart står som et lass med ved}) 11... Nb6 12. Bb5+ Bd7 13. Bxd7+ $2 {
Letter trykket for svart} (13. e6 fxe6 14. Be5 Bxb5 15. Nxb5 Nxd5 16. Nf4 O-O
17. Qg4 Nf6 18. Bxf6 Bxf6 19. Nxe6 {bør vinne lett}) 13... Qxd7 14. d6 Bg5 15.
Nd5 $2 {Igjen en unødvendig forenkling.} (15. Ne4 Na6 16. Bxg5 hxg5 17. Rc1 O-O
18. Qd2 {med kjempestilling tross materiell likhet}) 15... Nxd5 16. Qxd5 Bxf4
$2 17. Rxf4 $2 (17. Nxf4 {Det er bedre å få aktivisert springeren - tårnet er
allerde aktivisert nok: det peker rett mot f7 (selv om om sringeren står i
veien en liten stund)} Qc6 18. e6 Qxd5 19. Nxd5 {1-0}) 17... O-O 18. Raf1 Nc6
19. Qxc5 Rae8 20. Re4 Re6 21. Nd4 Nxd4 22. Qxd4 Rfe8 (22... f6 23. Qd5 Kh8 {
og svart kan kjempe litt til}) 23. Rc1 $1 Rc8 24. Rxc8+ Qxc8 25. Qc4 $2 {
Gir svart muligheten for å kjempe videre} (25. d7 Qd8 26. Qd5 {vinner lett})
25... Qxc4 $4 {Dette er det samme som å gi opp...} 26. Rxc4 Rxe5 27. d7 1-0

[Event "Landsturneringen 2013"]
[Site "Lillehammer, Oppland NOR"]
[Date "2013.06.30"]
[Round "2"]
[White "Høva, Frode"]
[Black "Tangelder, Yonne"]
[Result "0-1"]
[WhiteElo "1571"]
[BlackElo "1537"]
[PlyCount "51"]
[EventDate "2013.06.29"]

1. d4 Nf6 2. c4 g6 3. Nc3 d5 4. cxd5 Nxd5 5. e4 Nxc3 6. bxc3 Bg7 7. Bc4 c5 8.
Ne2 Nc6 9. Be3 O-O 10. O-O Bd7 11. Qd2 Qa5 12. Rab1 b6 13. dxc5 Rfd8 14. cxb6
Be6 15. Bd5 Bxd5 16. exd5 Rxd5 17. Qc2 axb6 18. Rxb6 Nd4 19. Bxd4 Bxd4 20. Rb7
Bf6 21. Nf4 Rc5 22. Qe4 Qxa2 23. Rd1 Rc4 24. Qf3 Rxc3 25. Qd5 Rc2 26. Nd3 0-1

[Event "Landsturneringen 2013"]
[Site "Lillehammer, Oppland NOR"]
[Date "2013.06.30"]
[Round "2"]
[White "Fjeldheim, Egil Aarstad"]
[Black "Moberg, Jan Rune"]
[Result "1-0"]
[WhiteElo "1535"]
[BlackElo "1538"]
[PlyCount "49"]
[EventDate "2013.06.29"]

1. c4 b6 2. Nf3 Bb7 3. g3 f5 4. Bg2 Nf6 5. O-O e6 6. d3 Be7 7. Nc3 O-O 8. a3 a5
9. Rb1 Na6 10. Bd2 Ng4 11. h3 Nf6 12. Nb5 c6 13. Nbd4 h6 14. Ne5 Qe8 15. Qb3
Bd8 16. Rfc1 Bc7 17. f4 g5 18. Kh2 g4 19. h4 Bxe5 20. fxe5 Nc5 21. Qxb6 Qe7 22.
b4 Na6 23. Qxb7 Rab8 24. Nxc6 dxc6 25. Qxe7 1-0

[Event "Landsturneringen 2013"]
[Site "Lillehammer, Oppland NOR"]
[Date "2013.06.30"]
[Round "2"]
[White "Drevvatn, Ketil"]
[Black "Kielland-Lund, Jon"]
[Result "1/2-1/2"]
[WhiteElo "1492"]
[BlackElo "1616"]
[PlyCount "60"]
[EventDate "2013.06.29"]

1. e4 c6 2. d4 d5 3. e5 c5 4. c3 Nc6 5. Bb5 Qb6 6. Bxc6+ bxc6 7. Ne2 e6 8. O-O
Ne7 9. a4 cxd4 10. Qxd4 Ba6 11. Re1 Ng6 12. Qxb6 axb6 13. Nd4 c5 14. Nf3 Bb7
15. Nbd2 Bc6 16. b3 Be7 17. Bb2 Nf4 18. Re3 g5 19. g3 Nh3+ 20. Kf1 g4 21. Ne1
Bg5 22. Re2 h5 23. f4 gxf3 24. Nexf3 Bh6 25. c4 Bxd2 26. Nxd2 Ng5 27. cxd5 Bxd5
28. h4 Nf3 29. Nxf3 Bxf3 30. Re3 Bd5 1/2-1/2

[Event "Landsturneringen 2013"]
[Site "Lillehammer, Oppland NOR"]
[Date "2013.06.30"]
[Round "2"]
[White "Olsen, Knut"]
[Black "Garmark, Vegard"]
[Result "1-0"]
[WhiteElo "1245"]
[BlackElo "1182"]
[PlyCount "83"]
[EventDate "2013.06.29"]

1. d4 d5 2. c4 e5 3. dxe5 d4 4. b3 Nc6 5. Bb2 Bf5 6. Nf3 Bxb1 7. Rxb1 Bb4+ 8.
Nd2 Nge7 9. a3 Bxd2+ 10. Qxd2 Ng6 11. g3 O-O 12. Bg2 Qd7 13. Bxc6 Qxc6 14. O-O
Rad8 15. Rbd1 Rfe8 16. Bxd4 Qd7 17. Qb2 Qg4 18. Bc3 h5 19. f3 Qg5 20. Bd2 Qxe5
21. Qxe5 Rxe5 22. e4 Rd3 23. Bf4 Nxf4 24. gxf4 Rxd1 25. Rxd1 Re7 26. h4 Kf8 27.
Kf2 Ke8 28. f5 f6 29. Ke3 b6 30. b4 Kf7 31. c5 Ke8 32. c6 b5 33. f4 a6 34. Rd5
Kf7 35. Kd4 g6 36. fxg6+ Kxg6 37. Rd7 Kf7 38. Kd5 f5 39. e5 Rxd7+ 40. cxd7 Ke7
41. Kc6 Kd8 42. e6 1-0

[Event "Landsturneringen 2013"]
[Site "Lillehammer, Oppland NOR"]
[Date "2013.07.01"]
[Round "3"]
[White "Fredriksen, Olav K"]
[Black "Høva, Frode"]
[Result "0-1"]
[WhiteElo "1507"]
[BlackElo "1571"]
[PlyCount "64"]
[EventDate "2013.06.29"]

1. d4 Nf6 2. Nf3 g6 3. Bf4 Bg7 4. e3 d6 5. Be2 O-O 6. c3 Nbd7 7. O-O b6 8. Nbd2
Bb7 9. Bg3 c5 10. Rc1 Ne4 11. Nxe4 Bxe4 12. Ng5 Bb7 13. d5 Nf6 14. Bf3 c4 15.
h4 h6 16. Nh3 Qd7 17. Re1 Qb5 18. a4 Qxb2 19. e4 Nd7 20. Re2 Qa3 21. Bf4 Nc5
22. Ra1 Qxc3 23. e5 dxe5 24. Rc1 Qb3 25. Bxe5 Bxe5 26. Rxe5 Nd3 27. Re3 Qxd1+
28. Rxd1 Rfe8 29. Kf1 Rad8 30. d6 Bxf3 31. dxe7 Bxd1 32. exd8=Q Rxd8 0-1

[Event "Landsturneringen 2013"]
[Site "Lillehammer, Oppland NOR"]
[Date "2013.07.01"]
[Round "3"]
[White "Kielland-Lund, Jon"]
[Black "Omtvedt, Aleksander"]
[Result "1/2-1/2"]
[WhiteElo "1616"]
[BlackElo "1692"]
[PlyCount "34"]
[EventDate "2013.06.29"]

1. c4 e6 2. d4 d5 3. Nf3 f5 4. Bg5 Nf6 5. Nc3 c6 6. e3 Be7 7. Be2 O-O 8. O-O
Nbd7 9. c5 h6 10. Bxf6 Bxf6 11. b4 a6 12. a4 e5 13. Qc2 Qc7 14. dxe5 Nxe5 15.
a5 Nxf3+ 16. Bxf3 Be6 17. Rad1 Qe5 1/2-1/2

[Event "Landsturneringen 2013"]
[Site "Lillehammer, Oppland NOR"]
[Date "2013.07.01"]
[Round "3"]
[White "Skaslien, Tor"]
[Black "Garmark, Vegard"]
[Result "1/2-1/2"]
[WhiteElo "1182"]
[BlackElo "1234"]
[Annotator "Lea, Per"]
[PlyCount "120"]
[EventDate "2013.06.29"]

1. e4 c5 2. Nf3 e6 3. d4 cxd4 4. Nxd4 Nc6 5. Nc3 Qc7 ({
For dem som frykter hvits springerutfall, kan det være greit å først legge inn
} 5... a6 {Men det var nok slik man spilte i gamle dager; i følge www.
chesslive.de er teksttrekket det mest vanlige - og de partiene stammer i stor
grad fra nyere tid.}) 6. Ndb5 Qb8 {Alternativene er risikable. Tida svart har
brukt på å deplassere dronninga oppveies delvis ved at springeren på b5 raskt
blir jaget bort.} 7. Be2 (7. Be3 {
er hovedvarianten her, noe jeg selv har spilt 2 ganger i Østlandsserien} Nf6 8.
a3 Be7 9. f4 (9. g3 O-O {Lea-Byklum, 12-03-2000 (0-1; 28 trekk) .Forskjellen i
spillestyrke var rett og slett for stor...}) 9... d6 {
Lea- Sollum, Østlandsserien 15-02-2009 (1-0, 50 trekk)}) 7... a6 8. Nd4 Nf6 9.
Be3 b5 {De fleste setter dronninga tilbake på c7. Det kan være greit å vente
med bondemarsjen til hvit eventuelt har rokert langt. Nå tør han neppe det.}
10. Nxc6 dxc6 11. Bf3 Bb7 (11... e5 {
er en bedre måte å ufarliggjøre diagonalen på.}) 12. Qd2 Be7 13. O-O O-O 14.
Ne2 Qc7 15. Qc3 {Ikke noe naturlig steder for dronninga. Hvit gjør ingen
forsøk på å få noe initiativ.} (15. Bf4 e5 16. Bg3 Rad8 17. Qe3 Rd7 18. Rfd1 {
virker mer naturlig}) 15... c5 (15... b4 16. Qb3 c5 17. c3 Bxe4 18. Bxe4 Nxe4
19. cxb4 cxb4 20. Rfc1 Qb7 {begynner å likne en bra stilling for svart}) 16.
Ng3 ({Bedre er trolig} 16. Bf4 Qb6 17. Qe3 {med temmelig lik stilling}) 16...
Rfd8 ({Etter} 16... b4 17. Qd2 (17. Qc4 Bc6 18. a4 bxa3 19. Rxa3 Bb5) 17...
Rfd8 18. Qe2 Qe5 {begynner hvit å få problemer}) 17. Rad1 Rd7 18. Rxd7 Nxd7 19.
Be2 Bf6 20. Qd2 Rd8 21. c3 Ne5 22. Qc2 Ng6 23. f4 e5 24. f5 Nf4 25. Bf3 c4 26.
Bxf4 $2 {Hvit er i ferd med å plassere brikkene sine på dårlige felt. Og
løperparet kan fort utgjøre en avgjørende fordel for svart.} exf4 27. Ne2 Be5 (
{Flere lovende, aggressive planer kunne vært forsøkt:} 27... Qb6+ 28. Kh1 Qe3
29. Ng1 Rd2 30. Qb1) ({Eller} 27... Qc5+ {med samme fortsettelse som over}) (
27... Rd3 {og hvit er i ferd med å bli presset sammen}) 28. Rd1 g5 29. fxg6
hxg6 30. Qc1 Kg7 $2 {Gir bort mesteparten av initiativet} ({Klar fordel gir:} 
30... Rd3) 31. Rxd8 Qxd8 32. Nxf4 Qa8 {
Svart har bukket bonde og gitt fra seg vinsten...} 33. Nd5 Qb8 34. h3 Qa7+ 35.
Kf1 Bg3 36. Qe3 Qb8 37. Qb6 Bxd5 38. Qxb8 Bxb8 39. exd5 {Nå gjenstår det i
hvert fall ulikefargde løpere, og da er det ikke lenger så farlig at svart
ligger under med en bonde. Men det er litt kjedelig at det er snakk om en
fribonde.} Bd6 40. b3 cxb3 41. axb3 a5 42. Ke2 Kf6 43. Kd3 Ke5 44. c4 b4 45. h4
Bc5 46. g4 f5 47. gxf5 (47. h5 gxh5 48. gxh5 Kf6 {er en stilling som
analyseprogrammene ofte har problemer med. Hvit har 3 fribønder, men det er
vanskelig å komme videre. Analysene fra Critter er stort sett bare meningsløse
omgrupperinger av løperne og kongene.}) 47... Kxf5 48. Be4+ Kg4 {Her kan det
se ut til at svart roter seg inn i en tapsvariant, men han klarer akkurat å
holde hodet over vannet - stikk i strid med vurderingene fra Critter.} 49. Bxg6
Kxh4 50. Ke4 Kg5 51. Be8 Kf6 52. d6 $2 {Gir opp alle vinstforsøk} ({
Men heller ikke det fristende} 52. Ba4 Bb6 53. d6 Ke6 54. d7 Kd6 55. c5+ Kxc5
56. Ke5 Bc7+ 57. Ke6 Bd8 58. Kf7 Kd6 59. Ke8 Kc7 {ser ut til å føre fram})
52... Bxd6 53. Kd5 Ke7 54. Ba4 Bc7 55. Kc6 Kd8 56. Kb7 Bd6 57. Ka6 Bc7 58. c5
Kc8 59. c6 Kb8 60. Bb5 Bd8 1/2-1/2

[Event "Landsturneringen 2013"]
[Site "Lillehammer, Oppland NOR"]
[Date "2013.07.01"]
[Round "4"]
[White "Bekkelien, Lewi"]
[Black "Moberg, Jan Rune"]
[Result "1/2-1/2"]
[WhiteElo "1721"]
[BlackElo "1538"]
[PlyCount "55"]
[EventDate "2013.06.29"]

1. d4 d6 2. Bf4 c6 3. c4 Nd7 4. Nf3 Ngf6 5. Nc3 Qc7 6. h3 e5 7. Bh2 Be7 8. e3
O-O 9. Bd3 a6 10. c5 Re8 11. O-O Bf8 12. Qc2 h6 13. a3 Qd8 14. dxe5 dxe5 15. b4
Nd5 16. e4 N5f6 17. Bc4 Nh5 18. Qb3 Qf6 19. Ne2 a5 20. Rfd1 b5 21. Bd3 Nf4 22.
Ng3 g6 23. Bf1 Re6 24. Qe3 Re8 25. Ne2 Nxe2+ 26. Bxe2 Kh7 27. Qc3 Qg7 28. Qc2
1/2-1/2

[Event "Landsturneringen 2013"]
[Site "Lillehammer, Oppland NOR"]
[Date "2013.07.01"]
[Round "4"]
[White "Søreng, Eirik"]
[Black "Kielland-Lund, Jon"]
[Result "1-0"]
[WhiteElo "1698"]
[BlackElo "1616"]
[PlyCount "35"]
[EventDate "2013.06.29"]

1. c4 e5 2. g3 Nf6 3. Bg2 d5 4. cxd5 Nxd5 5. Nc3 Nb6 6. Nf3 Nc6 7. d3 Be7 8.
O-O O-O 9. a4 a5 10. Be3 Be6 11. Bxb6 cxb6 12. Nd2 f6 13. Nc4 Bxc4 14. dxc4
Qxd1 15. Rfxd1 Rfd8 16. Nd5 Bc5 17. e3 Rd7 18. Nxf6+ 1-0

[Event "Landsturneringen 2013"]
[Site "Lillehammer, Oppland NOR"]
[Date "2013.07.02"]
[Round "5"]
[White "Garmark, Vegard"]
[Black "Grønn, Torbjørn Vevle"]
[Result "1-0"]
[WhiteElo "1182"]
[BlackElo "1000"]
[PlyCount "93"]
[EventDate "2013.06.29"]

1. d4 d5 2. c4 e6 3. Nc3 c6 4. Nf3 Bd6 5. e3 Nf6 6. Bd3 O-O 7. c5 Bc7 8. O-O
Nbd7 9. e4 e5 10. exd5 cxd5 11. dxe5 Nxe5 12. Nxe5 Bxe5 13. Qc2 Bxh2+ 14. Kh1
Be5 15. Bg5 h6 16. Bh4 Be6 17. f4 Bxc3 18. Qxc3 Bg4 19. Bc2 Bh5 20. Qd3 Bg6 21.
f5 Bh7 22. g4 Re8 23. g5 Ne4 24. Rad1 hxg5 25. Be1 Re5 26. Qh3 Qc8 27. Bxe4
dxe4 28. Rd2 Rxf5 29. Rg1 Rf3 30. Qxc8+ Rxc8 31. Rxg5 Rf1+ 32. Rg1 Rxg1+ 33.
Kxg1 g5 34. Rd7 Rxc5 35. Rxb7 Rc2 36. Rxa7 Rxb2 37. Ra8+ Kg7 38. Bc3+ Kg6 39.
Bxb2 Kf5 40. Ra5+ Kg4 41. Bc1 f5 42. Ra7 Bg8 43. Rg7 Bxa2 44. Rxg5+ Kf3 45.
Rxf5+ Ke2 46. Rf2+ Kd1 47. Rxa2 1-0

[Event "Landsturneringen 2013"]
[Site "Lillehammer, Oppland NOR"]
[Date "2013.07.04"]
[Round "7"]
[White "Barstad, Thoralf N"]
[Black "Høva, Frode"]
[Result "0-1"]
[WhiteElo "1532"]
[BlackElo "1571"]
[PlyCount "46"]
[EventDate "2013.06.29"]

1. e4 c5 2. Nf3 d6 3. d4 cxd4 4. Nxd4 Nf6 5. Nc3 e6 6. Be2 Be7 7. O-O O-O 8.
Be3 Nc6 9. Qd2 a6 10. a4 Qc7 11. Nb3 b6 12. f4 Bb7 13. Bf3 Rab8 14. Qf2 Ba8 15.
Rad1 Na5 16. e5 dxe5 17. Bxa8 Ng4 18. Bxb6 Rxb6 19. Qf3 Nxb3 20. cxb3 Ne3 21.
Rc1 Nxf1 22. Rxf1 Rxb3 23. fxe5 Qa7+ 0-1

[Event "Landsturneringen 2013"]
[Site "Lillehammer, Oppland NOR"]
[Date "2013.07.04"]
[Round "7"]
[White "Garmark, Vegard"]
[Black "Endresen, Ola Torstein"]
[Result "1/2-1/2"]
[WhiteElo "1182"]
[BlackElo "1200"]
[Annotator "Lea, Per"]
[PlyCount "105"]
[EventDate "2013.06.29"]

1. e4 d5 2. exd5 Qxd5 3. Nc3 Qd6 {
Litt uvanlig, men ser ut til å bli et slags motetrekk} (3... Qa5 4. d4 c6 5.
Bd2 {er den klassiske fortsettelsen}) ({Til og med} 3... Qd8 {har vært forsøkt,
men sånne trekk blir vanskelig å forklare overfor lilleputtene...}) 4. d4 Nf6
5. Nf3 c6 6. Bg5 Nbd7 7. Qd2 Nb6 8. Be2 Bf5 9. Bf4 (9. O-O {virker mer naturlig
}) 9... Qd8 10. O-O e6 {Den hvite stillingen er absolutt å foretrekke, men det
er neppe lett å finne noen gevinstplan. Til det er nok fordelen for liten.} 11.
Rfe1 (11. Nh4 Ne4 12. Nxe4 Bxe4 {er neppe noen forbedring}) 11... Bd6 12. Rad1
$2 {En tellefeil som koster en bonde} ({Både} 12. Bxd6 Qxd6 13. Bd3) ({og} 12.
Be5 Bxe5 13. Nxe5 O-O {er brukbart for hvit, men d-bonden kan bli et problem})
12... Bxf4 13. Qxf4 Bxc2 14. Rd2 Bf5 15. Qg5 ({
Hvit har et overraskende trekk i ermet som ikke er lett å få øye på:} 15. Ba6 {
Hovedtrusselen er å slå løperen på f5, siden e-bonden er bundet og derfor ikke
garderer løperen. I tillegg trues først bonden på b7, deretter den på c6.} O-O
{Det eneste} 16. Bxb7 Rb8 17. Bxc6 Nc4 18. Rde2 {
og svart står bare ørlte grann bedre} (18. Rdd1 $2 Nxb2 19. Rd2 Nd3 {
med klar fordel for svart})) 15... Bg6 ({Større fordel gir} 15... O-O 16. Bd3
h6 17. Qg3 Bxd3 18. Rxd3 Nc4) 16. Ne5 Nfd5 {Idealfelt for springeren!} 17. Qg3
Qf6 ({Svart burde prøvd} 17... O-O 18. Bd3 Bxd3 19. Qxd3 {
og hvit begynner å slite litt}) 18. Nc4 $2 (18. Bd3 {er nesten utlikning!})
18... Nxc4 19. Bxc4 O-O {Endelig!} 20. Ne4 Qf4 ({
Springeren er sannsynligvis minst like god som løperen, derfor er} 20... Bxe4
21. Rxe4 Rfd8 {bedre}) 21. Qxf4 Nxf4 22. Nd6 (22. Nc5 {tvinger svart til en
litt klumsete oppstilling med tårnene, eventuelt svekke c-bonden} Rfb8 23. Rc1)
22... Rab8 23. g3 Nd5 24. a4 $2 {Virker planløst} ({
Her er det hvit som kan vurdere å bytte løper mot springer:} 24. Bxd5 cxd5 (
24... exd5 $2 25. Re7 $1)) 24... Nf6 (24... Rfd8 25. Ne4 Bxe4 26. Rxe4 Nf6 27.
Re3 {gir klarere fordel for svart}) 25. f3 Nd5 26. Kf2 Rfd8 27. Ne4 h6 28. Nc3
({Andre alternativer:} 28. a5 b6 29. Ra1) (28. Bxd5 Rxd5 29. Red1 Rbd8 30. Nc3
R5d7) 28... Kf8 29. Bd3 (29. Ne4 {
fortjener oppmerksomhet. Men svart har partiet i sin hule hånd nå.}) 29... Bxd3
30. Rxd3 Nb4 31. Rd2 Rd7 32. Ke3 Nd5+ ({
Mer i stil med det forrige trekket hadde det vel vært å spille} 32... Rbd8 33.
Red1 b6 34. Nb1) 33. Nxd5 exd5 34. Kd3 Re8 35. Rxe8+ Kxe8 36. b4 a6 37. Rb2 b5
38. Ra2 f5 39. axb5 axb5 {Svarts fordel er i ferd med å skrumpe inn} 40. Ra6
Rd6 {Tårnet hører hjemme bak fribonden!} 41. Ra7 {Tårnet på syvenderaden pluss
en svak svart bonde på c6: nå begynner det å se remisaktig ut!} Rd7 42. Ra6 Rd6
43. Ra7 {Samme stilling for andre gang!} Kf8 44. g4 fxg4 45. fxg4 Re6 46. Rc7
Kg8 47. h3 Kh7 48. Kd2 Re4 49. Kd3 Re6 50. Kd2 {Ny trekkgjentakelse!} Kg6 51.
Kd3 Rf6 52. Ke3 Re6+ 53. Kd3 {
En sterk remis av Vegard mot den seinere klassevinneren!} 1/2-1/2